Score 0/10 Timer 00:30
3 Plays Today
% Correct
George Washington
98.6%
George W. Bush
98.5%
Franklin D. Roosevelt
97.9%
John F. Kennedy
97.6%
Ronald Reagan
96.7%
Jimmy Carter
96.7%
Andrew Jackson
95.8%
Lyndon Johnson
95%
Millard Fillmore
83.8%
Chester Arthur
81.5%

Today's Daily Dose

Remove Ads.
Support Sporcle.
Get the best of Sporcle when you Go Orange. This ad-free experience offers more features, more stats, and more fun while also helping to support Sporcle. Thank you for becoming a member.

You're not logged in!

Compare scores with friends on all Sporcle quizzes.
OR
Log In

Show Comments

Extras

Top Quizzes Today


Score Distribution

Your Account Isn't Verified!

In order to create a playlist on Sporcle, you need to verify the email address you used during registration. Go to your Sporcle Settings to finish the process.

Report this User

Report this user for behavior that violates our Community Guidelines.

Details: